| 000 | 00644nam a2200253Ia 4500 | ||
|---|---|---|---|
| 003 | OSt | ||
| 005 | 20220912151450.0 | ||
| 006 | a|||||r|||| 00| 0 | ||
| 007 | ta | ||
| 008 | 220909b |||||||| |||| 00| 0 eng d | ||
| 024 | _a39692 | ||
| 037 | _cTextual | ||
| 040 |
_aCSL _beng _cCSL |
||
| 041 | _aeng | ||
| 082 | _aE26, L2;L7 | ||
| 100 | _aAntropov L I | ||
| 245 | 0 | _aTheoretical electrochemistry | |
| 260 |
_aMoscow _bMir Publishers _c1977 |
||
| 300 |
_a595p. _ccm. |
||
| 650 | _a Theoretical electrochemistry | ||
| 650 | _aChemistry | ||
| 942 |
_hE26, L2;L7 _cTEXL _2CC |
||
| 999 |
_c69138 _d69138 |
||